000 00441nam a2200169Ia 4500
003 GCL
008 140319s9999 xx 000 0 ara d
040 _aGCL /
_cGCL
082 0 4 _a813.03
_bا س
100 1 _aابراهيم الكونى
245 1 0 _aالسحرة /
_cابراهيم الكونى
490 _a
650 0 4 _aالادب العربى
650 0 4 _aالادب
650 0 4 _aالرواية العربية
942 _2ddc
_cBK
999 _c48217
_d48217